Central Library OPAC University of Rajshahi

Contemporary Japanese architecture / (Record no. 16401)

MARC details
000 -LEADER
fixed length control field 00755nam a2200241 i 4500
001 - CONTROL NUMBER
control field 16401
003 - CONTROL NUMBER IDENTIFIER
rucl marc code BD-RjUL
005 - DATE AND TIME OF LATEST TRANSACTION
control field 20211209000014.0
008 - FIXED-LENGTH DATA ELEMENTS--GENERAL INFORMATION
fixed length control field 140213s1973 ja of 000 0ceng
035 ## - SYSTEM CONTROL NUMBER
System control number (BD-RjUL)16456
040 ## - CATALOGING SOURCE
Original cataloging agency DLC
Transcribing agency DLC
Modifying agency BD-RjUL
Language of cataloging eng
041 1# - LANGUAGE CODE
Language code of text/sound track or separate title engjpn
082 00 - DEWEY DECIMAL CLASSIFICATION NUMBER
Classification number 722.1
Author mark and year NOC 1973
100 1# - MAIN ENTRY--PERSONAL NAME
Personal name Noboru, Kawazoe
Dates associated with a name 1926-
9 (RLIN) 50707
245 10 - TITLE STATEMENT
Title Contemporary Japanese architecture /
Statement of responsibility, etc. Kawazoe Noboru ; translated by David Griffith.
250 ## - EDITION STATEMENT
Edition statement Rev. ed.
260 ## - PUBLICATION, DISTRIBUTION, ETC. (IMPRINT)
Place of publication, distribution, etc. Tokyo :
Name of publisher, distributor, etc. Kokusai Koryu Kikin (The Japan Foundation),
Date of publication, distribution, etc. c1973.
300 ## - PHYSICAL DESCRIPTION
Pagination (Various Pageins) :
Illustrations ill. ;
Size 25 cm.
650 #0 - SUBJECT ADDED ENTRY--TOPICAL TERM
Topical term or geographic name as entry element Architecture
Geographic subdivision Japan
General subdivision History
Chronological subdivision 20th century.
9 (RLIN) 50708
942 ## - ADDED ENTRY ELEMENTS (KOHA)
Source of classification or shelving scheme Dewey Decimal Classification
Koha item type Books
Holdings
Lost status Source of classification or shelving scheme Damaged status Not for loan Collection code Permanent Location Current Location Shelving location Date acquired Source of acquisition Total Checkouts Full call number Date last seen Copy number Koha item type
  Dewey Decimal Classification   Not For Loan Non-fiction Central Library, University of Rajshahi Central Library, University of Rajshahi Reading Room 14/01/1976 Japan Fundation gift   722.1 NOC 1973 13/02/2014 C-1 Books